[Event "32. Open Barbera del Valles 2009"]
[Site "Barbera del Valles ESP"]
[Date "2009.07.06"]
[Round "3.10"]
[White "Bacallao Alonso, Yusnel"]
[Black "Fenollar Jorda, Manuel"]
[Result "1-0"]
[WhiteElo "2467"]
[BlackElo "2341"]
[PlyCount "111"]
[EventDate "2009.07.04"]
[EventType "swiss"]
[EventRounds "9"]
[EventCountry "ESP"]
[Source "lmi"]
[SourceDate "2009.07.04"]

1. e4 e6 2. d4 d5 3. Nd2 Nf6 4. e5 Nfd7 5. Bd3 c5 6. c3 Nc6 7. Ne2 cxd4 8. cxd4
f6 9. exf6 Nxf6 10. O-O Bd6 11. Nf3 O-O 12. Bg5 Qc7 13. Bh4 Nh5 14. Bg3 Nxg3
15. hxg3 g6 16. Rc1 Qg7 17. Qd2 Bd7 18. a3 a6 19. Bb1 Rac8 20. Rfe1 Bb8 21. Rc3
Ba7 22. Rb3 Rc7 23. Rd3 Bc8 24. Nf4 Re7 25. Re2 Bd7 26. Ba2 Kh8 27. Bb3 Ra8 28.
Bc2 Rc8 29. Bb1 Rf8 30. b4 Ra8 31. Ba2 Ree8 32. Ne5 Nxe5 33. Rxe5 Bxd4 34. Rg5
Bf6 35. Rg4 e5 36. Nh5 Qe7 37. Nxf6 Qxf6 38. Rh4 d4 39. Rf3 Bf5 40. Bb1 Rf8 41.
Bxf5 gxf5 42. Rh5 Qe6 43. g4 fxg4 44. Qd3 Qe7 45. Rxf8+ Rxf8 46. Qe4 g3 47.
fxg3 Re8 48. g4 d3 49. Qxd3 e4 50. Qd4+ Qg7 51. Qxg7+ Kxg7 52. Rc5 Kf6 53. Kf2
Re5 54. Rc7 b5 55. Rxh7 a5 56. Rh5 1-0

[Event "32. Open Barbera del Valles 2009"]
[Site "Barbera del Valles ESP"]
[Date "2009.07.06"]
[Round "3.11"]
[White "Ipatov, Alexander"]
[Black "Sanchez Jerez, Emilio Miguel"]
[Result "1-0"]
[WhiteElo "2454"]
[BlackElo "2212"]
[PlyCount "99"]
[EventDate "2009.07.04"]
[EventType "swiss"]
[EventRounds "9"]
[EventCountry "ESP"]
[Source "lmi"]
[SourceDate "2009.07.04"]

1. d4 g6 2. c4 Bg7 3. e4 d6 4. Nc3 Nf6 5. Bg5 h6 6. Be3 Ng4 7. Bc1 e5 8. d5 f5
9. Be2 Nf6 10. exf5 gxf5 11. Nf3 O-O 12. O-O Na6 13. g3 Nc5 14. Nh4 Nfe4 15.
Nxe4 Nxe4 16. Qc2 Ng5 17. f4 Nh3+ 18. Kg2 Nxf4+ 19. Bxf4 exf4 20. Rxf4 Be5 21.
Rf3 Qg5 22. Raf1 f4 23. Qg6+ Qxg6 24. Nxg6 Bg4 25. R3f2 f3+ 26. Bxf3 Bxf3+ 27.
Rxf3 Rxf3 28. Rxf3 Bxb2 29. Rb3 Bd4 30. Rxb7 Bb6 31. Nf4 Re8 32. Ne6 Kf7 33. a4
Kf6 34. a5 Bxa5 35. Rxa7 Bb6 36. Ra1 Rg8 37. Kh3 Kf5 38. Rf1+ Ke4 39. Kh4 Kd3
40. Rf4 Be3 41. Rf3 Rc8 42. Kh5 c5 43. h4 Ra8 44. g4 Ra4 45. g5 hxg5 46. hxg5
Rxc4 47. g6 Rc1 48. g7 Rg1 49. Rxe3+ Kxe3 50. Ng5 1-0

[Event "32. Open Barbera del Valles 2009"]
[Site "Barbera del Valles ESP"]
[Date "2009.07.06"]
[Round "3.12"]
[White "Fluvia Poyatos, Jordi"]
[Black "Lorenzo De La Riva, Lazaro"]
[Result "1-0"]
[WhiteElo "2449"]
[BlackElo "2331"]
[PlyCount "101"]
[EventDate "2009.07.04"]
[EventType "swiss"]
[EventRounds "9"]
[EventCountry "ESP"]
[Source "lmi"]
[SourceDate "2009.07.04"]

1. e4 c5 2. Nf3 d6 3. Nc3 Nf6 4. e5 dxe5 5. Nxe5 Nbd7 6. Nc4 Nb6 7. Ne3 g6 8.
g3 Bg7 9. Bg2 O-O 10. a4 Rb8 11. O-O Be6 12. Qf3 Nbd7 13. d3 Ne5 14. Qe2 Qd7
15. Ne4 Nxe4 16. dxe4 Nc6 17. c3 Na5 18. Rd1 Qc8 19. Nd5 Nb3 20. Ra3 Nxc1 21.
Rxc1 Bxd5 22. exd5 Qd7 23. Re1 Rfe8 24. Raa1 e6 25. Qb5 Qxb5 26. axb5 a6 27.
Ra5 axb5 28. Rxb5 Bf8 29. dxe6 Rxe6 30. Rxe6 fxe6 31. Bxb7 Kf7 32. Kg2 Ke7 33.
Kf3 Kd6 34. Kg4 Bh6 35. c4 Kc7 36. Bg2 Rxb5 37. cxb5 Bc1 38. b3 Kb6 39. Bf1 e5
40. Kf3 Bb2 41. Kg4 e4 42. Kg5 Bg7 43. Bc4 Bd4 44. Kh6 Bxf2 45. Kxh7 g5 46. Kg6
Be3 47. h4 gxh4 48. gxh4 Kc7 49. h5 Kd7 50. h6 Ke7 51. Kg7 1-0

[Event "32. Open Barbera del Valles 2009"]
[Site "Barbera del Valles ESP"]
[Date "2009.07.06"]
[Round "3.13"]
[White "Canal Oliveras, Joan"]
[Black "Moskalenko, Viktor"]
[Result "0-1"]
[WhiteElo "2248"]
[BlackElo "2558"]
[PlyCount "65"]
[EventDate "2009.07.04"]
[EventType "swiss"]
[EventRounds "9"]
[EventCountry "ESP"]
[Source "lmi"]
[SourceDate "2009.07.04"]

1. e4 e6 2. d4 d5 3. Nc3 Bb4 4. e5 c5 5. a3 Bxc3+ 6. bxc3 Qa5 7. Bd2 Qa4 8. h4
Nc6 9. h5 h6 10. Nf3 Nge7 11. Rh4 c4 12. Rf4 Bd7 13. g4 Rf8 14. Bh3 O-O-O 15.
g5 hxg5 16. Nxg5 Nf5 17. Bxf5 exf5 18. h6 f6 19. exf6 gxh6 20. Nh3 Rxf6 21. Rh4
Rg8 22. Bxh6 f4 23. Kd2 Rh8 24. Bg5 Rxh4 25. Bxh4 Rh6 26. Nxf4 Rxh4 27. Qf3 Qa5
28. Rg1 Qd8 29. Nxd5 Be6 30. Ne3 Rh6 31. Rg7 Rf6 32. Qg3 Rf7 33. Rg8 0-1

[Event "32. Open Barbera del Valles 2009"]
[Site "Barbera del Valles ESP"]
[Date "2009.07.06"]
[Round "3.14"]
[White "Massoni, Michael"]
[Black "Cruz, Cristhian"]
[Result "1-0"]
[WhiteElo "2291"]
[BlackElo "2525"]
[PlyCount "75"]
[EventDate "2009.07.04"]
[EventType "swiss"]
[EventRounds "9"]
[EventCountry "ESP"]
[Source "lmi"]
[SourceDate "2009.07.04"]

1. e4 c5 2. Nf3 Nc6 3. c3 Nf6 4. e5 Nd5 5. d4 cxd4 6. Bc4 Nb6 7. Bb3 d5 8. exd6
e6 9. cxd4 Bxd6 10. Nc3 Be7 11. O-O O-O 12. Bf4 Nb4 13. Qe2 Bd7 14. Ne5 Rc8 15.
Qg4 Kh8 16. a3 Nc6 17. Rad1 Nxe5 18. dxe5 Qe8 19. Rfe1 Rg8 20. Qh3 Nc4 21. Bc2
g6 22. Rd3 f5 23. exf6 Bxf6 24. Ne4 Bxb2 25. Qxh7+ Kxh7 26. Rh3+ Kg7 27. Bh6+
Kf7 28. Rf3+ Bf6 29. Nxf6 Ke7 30. Nxe8 Kxe8 31. Rf6 Ne5 32. Bb1 Ng4 33. Rxg6
Kf7 34. Rxg8 Rxg8 35. Bf4 Bc6 36. Ba2 Rg6 37. f3 Nh6 38. Rxe6 1-0

[Event "32. Open Barbera del Valles 2009"]
[Site "Barbera del Valles ESP"]
[Date "2009.07.06"]
[Round "3.15"]
[White "Exposito Amaro, Josue"]
[Black "Rojas Keim, Luis"]
[Result "0-1"]
[WhiteElo "2231"]
[BlackElo "2453"]
[PlyCount "70"]
[EventDate "2009.07.04"]
[EventType "swiss"]
[EventRounds "9"]
[EventCountry "ESP"]
[Source "lmi"]
[SourceDate "2009.07.04"]

1. e4 d5 2. Nc3 dxe4 3. Nxe4 Qd5 4. d3 Nc6 5. Ne2 e5 6. N2c3 Qd7 7. Be2 f5 8.
Ng3 Nf6 9. O-O Bc5 10. Kh1 O-O 11. f4 g6 12. Bf3 exf4 13. Bxf4 Nd4 14. Bg5 c6
15. Qd2 Nxf3 16. Rxf3 Ng4 17. Re1 h6 18. Na4 Nf2+ 19. Rxf2 Bxf2 20. Re7 Qd6 21.
Bh4 g5 22. Bxg5 Bxg3 23. hxg3 Bd7 24. Nc5 Qxc5 25. Rxd7 Rf7 26. Be3 Qe5 27. Bf4
Qxb2 28. Rd6 Rf6 29. Rd7 Re8 30. Bxh6 Rg6 31. d4 Qb1+ 32. Kh2 Re1 33. Rd8+ Kf7
34. Rf8+ Ke7 35. Bg5+ Kxf8 0-1

[Event "32. Open Barbera del Valles 2009"]
[Site "Barbera del Valles ESP"]
[Date "2009.07.06"]
[Round "3.16"]
[White "Bregadze, Levan"]
[Black "Deshpande, Aniruddha"]
[Result "1-0"]
[WhiteElo "2426"]
[BlackElo "2211"]
[PlyCount "83"]
[EventDate "2009.07.04"]
[EventType "swiss"]
[EventRounds "9"]
[EventCountry "ESP"]
[Source "lmi"]
[SourceDate "2009.07.04"]

1. d4 d5 2. c4 c6 3. e3 Nf6 4. Nf3 e6 5. Nbd2 Be7 6. Bd3 Nbd7 7. O-O O-O 8. b3
b6 9. Bb2 Bb7 10. Qe2 dxc4 11. Nxc4 c5 12. Rfd1 Rc8 13. Rac1 Nd5 14. Bb1 b5 15.
Nce5 Nxe5 16. Nxe5 Qe8 17. dxc5 Bxc5 18. e4 Nf6 19. Nd3 Nxe4 20. Nxc5 Nxc5 21.
Bd4 Qe7 22. Bxh7+ Kxh7 23. Qh5+ Kg8 24. Bxc5 Qc7 25. Rd4 f6 26. b4 Qf7 27. Qd1
Qg6 28. f3 Rfe8 29. Rc3 Bd5 30. a3 a6 31. h3 Red8 32. Re3 Qf7 33. Red3 Re8 34.
Qe1 Rcd8 35. Rd2 Qg6 36. Rg4 Qf7 37. Be3 f5 38. Rg5 e5 39. Qh4 f4 40. Bb6 Rd6
41. Bc5 Rh6 42. Qxh6 1-0

[Event "32. Open Barbera del Valles 2009"]
[Site "Barbera del Valles ESP"]
[Date "2009.07.06"]
[Round "3.17"]
[White "Avila Jimenez, Javier"]
[Black "Vassallo Barroche, Mauricio"]
[Result "0-1"]
[WhiteElo "2212"]
[BlackElo "2409"]
[PlyCount "64"]
[EventDate "2009.07.04"]
[EventType "swiss"]
[EventRounds "9"]
[EventCountry "ESP"]
[Source "lmi"]
[SourceDate "2009.07.04"]

1. d4 e6 2. c4 Bb4+ 3. Nc3 f5 4. Qc2 Nf6 5. e3 b6 6. Bd3 Bb7 7. f3 Nh5 8. Nh3
Qh4+ 9. Nf2 c5 10. a3 Bxc3+ 11. bxc3 Nc6 12. g3 Qe7 13. O-O Nf6 14. Bb2 O-O 15.
Rae1 Na5 16. e4 fxe4 17. fxe4 e5 18. Bc1 d6 19. Bg5 h6 20. Be3 Ba6 21. Qe2 Rf7
22. d5 Raf8 23. Nd1 Bc8 24. Qg2 Qd7 25. Nb2 Qg4 26. Rf2 Qh5 27. Bc2 Bg4 28. Bd3
Bh3 29. Qh1 Ng4 30. Rxf7 Qxf7 31. Nd1 Nxe3 32. Rxe3 Qf1+ 0-1

[Event "32. Open Barbera del Valles 2009"]
[Site "Barbera del Valles ESP"]
[Date "2009.07.06"]
[Round "3.18"]
[White "Vehi Bach, Victor Manuel"]
[Black "Abhishek, Kelkar"]
[Result "1/2-1/2"]
[WhiteElo "2387"]
[BlackElo "2158"]
[PlyCount "62"]
[EventDate "2009.07.04"]
[EventType "swiss"]
[EventRounds "9"]
[EventCountry "ESP"]
[Source "lmi"]
[SourceDate "2009.07.04"]

1. e4 c5 2. Nf3 e6 3. d4 cxd4 4. Nxd4 Nf6 5. Nc3 d6 6. Be3 Be7 7. f3 a6 8. Qd2
Nc6 9. g4 Nd7 10. O-O-O O-O 11. Kb1 Nxd4 12. Qxd4 b5 13. h4 Rb8 14. g5 Nb6 15.
h5 b4 16. Qxb4 e5 17. Qa5 Be6 18. Na4 Nxa4 19. Qxa4 Qc7 20. Bh3 Bxh3 21. Rxh3
Qc3 22. Bc1 Bxg5 23. b3 Rfc8 24. Rh2 Bxc1 25. Rxc1 Rb4 26. Qd7 Rd4 27. Rg1 a5
28. Qg4 Kf8 29. Qxg7+ Ke8 30. Qg8+ Ke7 31. Qg5+ Kd7 1/2-1/2

[Event "32. Open Barbera del Valles 2009"]
[Site "Barbera del Valles ESP"]
[Date "2009.07.06"]
[Round "3.19"]
[White "Nadal Garcia, Lluis"]
[Black "Perpinya Rofes, Lluis Maria"]
[Result "0-1"]
[WhiteElo "2021"]
[BlackElo "2387"]
[PlyCount "44"]
[EventDate "2009.07.04"]
[EventType "swiss"]
[EventRounds "9"]
[EventCountry "ESP"]
[Source "lmi"]
[SourceDate "2009.07.04"]

1. e4 c5 2. Nf3 Nc6 3. d4 cxd4 4. Nxd4 Nf6 5. Nc3 d6 6. Bc4 e6 7. Bb3 a6 8. Be3
Qc7 9. Qe2 Na5 10. g4 b5 11. g5 Nd7 12. f4 b4 13. f5 bxc3 14. fxe6 Ne5 15. O-O
Nxb3 16. exf7+ Nxf7 17. cxb3 Ne5 18. Nf5 g6 19. bxc3 gxf5 20. exf5 Bb7 21. Qh5+
Qf7 22. g6 Rg8 0-1

[Event "32. Open Barbera del Valles 2009"]
[Site "Barbera del Valles ESP"]
[Date "2009.07.06"]
[Round "3.20"]
[White "Alonso Moyano, Jonathan"]
[Black "Vigo Allepuz, David"]
[Result "1-0"]
[WhiteElo "2365"]
[BlackElo "2156"]
[PlyCount "57"]
[EventDate "2009.07.04"]
[EventType "swiss"]
[EventRounds "9"]
[EventCountry "ESP"]
[Source "lmi"]
[SourceDate "2009.07.04"]

1. e4 e6 2. d4 d5 3. Nd2 c5 4. Ngf3 Nf6 5. e5 Nfd7 6. Bd3 cxd4 7. O-O Nc6 8.
Re1 Be7 9. Nb3 Qc7 10. Nbxd4 Nxd4 11. Nxd4 Nc5 12. Qg4 Kf8 13. Qg3 a6 14. Bg5
Bxg5 15. Qxg5 Qe7 16. Qd2 h5 17. b4 Nd7 18. a4 g6 19. a5 h4 20. f4 Kg7 21. c4
dxc4 22. Be4 g5 23. Rf1 f5 24. Bxf5 Nf8 25. Bxe6 Bxe6 26. f5 Kh7 27. fxe6 Nxe6
28. Nxe6 Qxe6 29. Rf6 1-0

[Event "32. Open Barbera del Valles 2009"]
[Site "Barbera del Valles ESP"]
[Date "2009.07.06"]
[Round "3.21"]
[White "Costa Trave, Jaume"]
[Black "Mestre Bellido, Hector"]
[Result "0-1"]
[WhiteElo "1981"]
[BlackElo "2292"]
[PlyCount "58"]
[EventDate "2009.07.04"]
[EventType "swiss"]
[EventRounds "9"]
[EventCountry "ESP"]
[Source "lmi"]
[SourceDate "2009.07.04"]

1. d4 d5 2. Nc3 Bf5 3. Bf4 c6 4. f3 Nf6 5. Qd2 Nbd7 6. g4 Bg6 7. h4 h6 8. h5
Bh7 9. g5 hxg5 10. Bxg5 Bf5 11. Qf4 Bxc2 12. e4 dxe4 13. fxe4 Qb6 14. Rc1 e5
15. dxe5 Qxb2 16. Qd2 Nxe4 17. Qxc2 Qxc2 18. Rxc2 Nxg5 19. Bg2 Nxe5 20. Nge2
Nd3+ 21. Kf1 O-O-O 22. a4 Bb4 23. Nd5 Rhe8 24. Rh4 a5 25. Rd4 Ne1 26. Nxb4 Rxd4
27. Nxd4 axb4 28. Rc5 Nd3 29. Bxc6 Re1+ 0-1

[Event "32. Open Barbera del Valles 2009"]
[Site "Barbera del Valles ESP"]
[Date "2009.07.06"]
[Round "3.22"]
[White "Castro Exposito, Cristobal"]
[Black "Lasinskas, Povilas"]
[Result "0-1"]
[WhiteElo "2027"]
[BlackElo "2268"]
[PlyCount "86"]
[EventDate "2009.07.04"]
[EventType "swiss"]
[EventRounds "9"]
[EventCountry "ESP"]
[Source "lmi"]
[SourceDate "2009.07.04"]

1. d4 Nf6 2. Bf4 e6 3. Nf3 Bd6 4. Bxd6 cxd6 5. c3 b6 6. e3 Bb7 7. Bd3 O-O 8.
Nbd2 d5 9. O-O Ne4 10. c4 f5 11. a3 d6 12. Rc1 Nd7 13. Qc2 Rc8 14. Qb1 Ndf6 15.
b4 Qe7 16. h3 g5 17. Bxe4 dxe4 18. Nh2 h5 19. c5 Bd5 20. cxb6 axb6 21. Rxc8
Rxc8 22. Rc1 Qd7 23. Rc2 b5 24. Qc1 Rxc2 25. Qxc2 Kf7 26. Nhf1 Qc6 27. Qxc6
Bxc6 28. Ng3 f4 29. Ne2 e5 30. Nb3 Ke6 31. Nc3 g4 32. hxg4 fxe3 33. gxh5 exf2+
34. Kxf2 Nxh5 35. Ke3 Nf6 36. Na5 Ng4+ 37. Kd2 e3+ 38. Ke2 exd4 39. Nxc6 dxc3
40. Kd3 Ne5+ 41. Nxe5 Kxe5 42. g4 Kf4 43. a4 Kf3 0-1

[Event "32. Open Barbera del Valles 2009"]
[Site "Barbera del Valles ESP"]
[Date "2009.07.06"]
[Round "3.23"]
[White "Schneider, Veronika"]
[Black "Fabre Massana, Miquel"]
[Result "1/2-1/2"]
[WhiteElo "2301"]
[BlackElo "2151"]
[PlyCount "131"]
[EventDate "2009.07.04"]
[EventType "swiss"]
[EventRounds "9"]
[EventCountry "ESP"]
[Source "lmi"]
[SourceDate "2009.07.04"]

1. e4 c5 2. c3 d5 3. exd5 Qxd5 4. d4 e6 5. Nf3 Nf6 6. Be3 cxd4 7. cxd4 Bb4+ 8.
Nc3 O-O 9. Be2 Bd7 10. O-O Bxc3 11. bxc3 Bb5 12. Rb1 Bxe2 13. Qxe2 Nbd7 14. Rb5
Qc6 15. Qb2 Nd5 16. Rc1 a6 17. Rb3 b5 18. Qb1 Rfc8 19. Bd2 N5b6 20. h4 Nc4 21.
Bf4 h6 22. Qd3 Qd5 23. Qe2 Rc6 24. Ne1 Rac8 25. Nd3 a5 26. Rcb1 Rb6 27. Qf3
Qxf3 28. gxf3 Rbc6 29. Bc1 Nd6 30. Bd2 Nc4 31. Bc1 Nd6 32. Bd2 Nf5 33. Rxb5
Nxh4 34. Ne1 a4 35. R5b4 Ra8 36. d5 Nxf3+ 37. Nxf3 exd5 38. Rb5 Nf6 39. Rb8+
Rxb8 40. Rxb8+ Kh7 41. Nd4 Rc4 42. f3 g5 43. Rb4 Kg6 44. Rxc4 dxc4 45. Nc6 Nd7
46. Na5 Ne5 47. Kg2 f5 48. Be3 f4 49. Bd4 Nd3 50. Nxc4 Kf5 51. a3 h5 52. Nd6+
Ke6 53. Ne4 Kf5 54. Nc5 Nb2 55. Kf2 g4 56. fxg4+ hxg4 57. Ke2 f3+ 58. Kf2 Nc4
59. Nxa4 Kf4 60. Nc5 g3+ 61. Kg1 Nxa3 62. Nd3+ Ke4 63. Nc5+ Kf4 64. Nd3+ Ke4
65. Nc5+ Kf4 66. Nd3+ 1/2-1/2

[Event "32. Open Barbera del Valles 2009"]
[Site "Barbera del Valles ESP"]
[Date "2009.07.06"]
[Round "3.25"]
[White "Meera, Sai"]
[Black "Sanchez Romero, Miquel Angel"]
[Result "1/2-1/2"]
[WhiteElo "2148"]
[BlackElo "2251"]
[PlyCount "128"]
[EventDate "2009.07.04"]
[EventType "swiss"]
[EventRounds "9"]
[EventCountry "ESP"]
[Source "lmi"]
[SourceDate "2009.07.04"]

1. e4 e5 2. Nf3 Nc6 3. d4 exd4 4. Bc4 Nf6 5. O-O Nxe4 6. Re1 d5 7. Bxd5 Qxd5 8.
Nc3 Qh5 9. Nxe4 Be6 10. Bg5 Bd6 11. Nxd6+ cxd6 12. Bf4 O-O 13. Nxd4 Qxd1 14.
Raxd1 Nxd4 15. Rxd4 Rfc8 16. Rd2 d5 17. Be5 Rc6 18. Re3 f6 19. Bd4 Kf7 20. Rb3
b6 21. a4 Bf5 22. c3 Re8 23. Kf1 Bc8 24. Be3 f5 25. h3 Re4 26. Rd4 Rc4 27. a5
bxa5 28. Rxd5 a4 29. Rb8 a3 30. Ra5 axb2 31. Rxa7+ Re7 32. Rxe7+ Kxe7 33. Bd4
Ba6 34. Kg1 g6 35. Rxb2 Rc7 36. Rb6 Bd3 37. Kh2 Be4 38. Kg3 Rb7 39. Ra6 Bd3 40.
Ra8 Ke6 41. Re8+ Re7 42. Rc8 Rf7 43. Kf4 Bf1 44. Kf3 Bd3 45. c4 Be4+ 46. Kg3
f4+ 47. Kh2 f3 48. Re8+ Re7 49. Rxe7+ Kxe7 50. g4 h5 51. gxh5 gxh5 52. Kg3 Bf5
53. Kxf3 Bxh3 54. Kf4 Bf1 55. c5 h4 56. Kf5 h3 57. Be5 Bb5 58. Bg3 Bc6 59. f4
Kf7 60. Ke5 Ke7 61. f5 Kf7 62. Kd6 Be4 63. Ke5 Bc6 64. Bf4 Bg2 1/2-1/2

[Event "32. Open Barbera del Valles 2009"]
[Site "Barbera del Valles ESP"]
[Date "2009.07.06"]
[Round "3.26"]
[White "Rafols Albet, Josep"]
[Black "Martin Grillo, Ruben"]
[Result "0-1"]
[WhiteElo "2105"]
[BlackElo "2218"]
[PlyCount "104"]
[EventDate "2009.07.04"]
[EventType "swiss"]
[EventRounds "9"]
[EventCountry "ESP"]
[Source "lmi"]
[SourceDate "2009.07.04"]

1. b3 d5 2. Bb2 Bg4 3. f3 Bf5 4. e3 Nd7 5. f4 e6 6. Nf3 Ngf6 7. Nc3 c6 8. Be2
Bd6 9. O-O h6 10. Bd3 Bxd3 11. cxd3 e5 12. f5 e4 13. dxe4 dxe4 14. Nd4 h5 15.
Qc2 Qe7 16. Nde2 Kf8 17. Nf4 Kg8 18. h3 h4 19. a4 Re8 20. Rae1 Nh5 21. Nce2
Ndf6 22. Qc4 Kh7 23. Nxh5 Nxh5 24. Nf4 Bxf4 25. exf4 Ng3 26. f6 gxf6 27. Rf2
Rhg8 28. Qd4 a6 29. Qxf6 Qxf6 30. Bxf6 Nf5 31. Rfe2 Re6 32. Bc3 Rge8 33. Kh2
Kg6 34. Rc1 Ng3 35. Rf2 Kf5 36. Ba5 Rd6 37. Rc3 Rd3 38. Rc4 Rxb3 39. Rc5+ Ke6
40. f5+ Kd6 41. Rc3 Rb1 42. Rxg3 hxg3+ 43. Kxg3 b5 44. h4 b4 45. h5 b3 46. Kf4
Rh1 47. Bc3 Rxh5 48. Rf1 Kd5 49. a5 Rh4+ 50. Ke3 Rg8 51. Rg1 Rhg4 52. Rb1 Rg3+
0-1

[Event "32. Open Barbera del Valles 2009"]
[Site "Barbera del Valles ESP"]
[Date "2009.07.06"]
[Round "3.27"]
[White "Capellades Subirana, Marc"]
[Black "Bardera Gil, Sergi"]
[Result "1-0"]
[WhiteElo "2210"]
[BlackElo "2033"]
[PlyCount "119"]
[EventDate "2009.07.04"]
[EventType "swiss"]
[EventRounds "9"]
[EventCountry "ESP"]
[Source "lmi"]
[SourceDate "2009.07.04"]

1. e4 c5 2. Nf3 Nc6 3. d4 cxd4 4. Nxd4 Nf6 5. Nc3 e6 6. Bg5 Bb4 7. Nxc6 bxc6 8.
Bd3 Qa5 9. Bd2 Qc7 10. O-O a5 11. Qe2 e5 12. f4 Bd6 13. Rae1 Bb7 14. Kh1 Qd8
15. Na4 Qe7 16. Nb6 Rd8 17. Nc4 Bc7 18. Nxa5 Rb8 19. Nc4 d6 20. fxe5 dxe5 21.
Bg5 Bc8 22. b3 h6 23. Bxf6 gxf6 24. Qf2 Bd8 25. Rd1 Be6 26. Ne3 Rg8 27. Bc4 Bb6
28. Bxe6 Qxe6 29. Qf3 Bxe3 30. Qxe3 Rg6 31. Qc5 Rc8 32. Rd2 Rg5 33. Qd6 f5 34.
exf5 Rxf5 35. Rxf5 Qxf5 36. Kg1 e4 37. Qxh6 Qc5+ 38. Kf1 Qf5+ 39. Ke1 Qe5 40.
Qd6 Qf5 41. Qd4 Kf8 42. Rf2 Qe6 43. Rf6 Qg4 44. Rh6 Qf5 45. Rh8+ Ke7 46. Rxc8
Qxc8 47. Qxe4+ Kf8 48. h3 Qc7 49. a4 Qa5+ 50. Kf1 Qc3 51. Qd3 Qa1+ 52. Ke2 Qe5+
53. Qe3 Qd5 54. g4 Qg2+ 55. Kd3 Qd5+ 56. Kc3 Qa5+ 57. Kb2 Qd5 58. h4 Qd6 59. g5
Qg6 60. Qe5 1-0

[Event "32. Open Barbera del Valles 2009"]
[Site "Barbera del Valles ESP"]
[Date "2009.07.06"]
[Round "3.28"]
[White "Fabregas Fontanet, Antonio"]
[Black "Garcia Gil, Javier"]
[Result "0-1"]
[WhiteElo "2060"]
[BlackElo "2203"]
[PlyCount "34"]
[EventDate "2009.07.04"]
[EventType "swiss"]
[EventRounds "9"]
[EventCountry "ESP"]
[Source "lmi"]
[SourceDate "2009.07.04"]

1. e4 d6 2. d4 Nf6 3. Nc3 g6 4. f4 Bg7 5. e5 dxe5 6. fxe5 Nd5 7. Qf3 Nb4 8. Bc4
Nxc2+ 9. Kd1 Qxd4+ 10. Kxc2 Qxc4 11. b3 Qc6 12. Qg3 Bf5+ 13. Kb2 Nd7 14. Nf3
Nc5 15. Nd4 Bxe5 16. Qe3 Bxd4 17. Qxd4 Nd3+ 0-1

[Event "32. Open Barbera del Valles 2009"]
[Site "Barbera del Valles ESP"]
[Date "2009.07.06"]
[Round "3.31"]
[White "Alonso Gonzalez, Carlos"]
[Black "Herms Agullo, Jordi"]
[Result "1/2-1/2"]
[WhiteElo "2138"]
[BlackElo "2141"]
[PlyCount "71"]
[EventDate "2009.07.04"]
[EventType "swiss"]
[EventRounds "9"]
[EventCountry "ESP"]
[Source "lmi"]
[SourceDate "2009.07.04"]

1. e4 d5 2. exd5 Nf6 3. d4 Bg4 4. f3 Bf5 5. g4 Bg6 6. c4 e6 7. Nc3 exd5 8. g5
Nh5 9. f4 Nc6 10. Be2 Qe7 11. Kf2 O-O-O 12. Bxh5 Bxh5 13. Qxh5 Nxd4 14. Nf3 Nc2
15. Rb1 Qc5+ 16. Kg2 d4 17. Ne4 Qxc4 18. Ne5 Qd5 19. Qf3 Bb4 20. Bd2 Bxd2 21.
Nxd2 Ne3+ 22. Kf2 Qe6 23. h3 f6 24. gxf6 gxf6 25. Nd3 c6 26. a4 Rhe8 27. a5 Qf5
28. Nc1 Qc2 29. Ncb3 Kb8 30. Rhc1 Qd3 31. a6 Qxa6 32. Nc5 Qa5 33. b4 Qa2 34.
Ncb3 Nd5 35. Ra1 Qb2 36. Rab1 1/2-1/2

[Event "32. Open Barbera del Valles 2009"]
[Site "Barbera del Valles ESP"]
[Date "2009.07.07"]
[Round "4.1"]
[White "Lopez Martinez, Josep Manuel"]
[Black "Javakhadze, Zurab"]
[Result "1-0"]
[WhiteElo "2555"]
[BlackElo "2309"]
[PlyCount "45"]
[EventDate "2009.07.04"]
[EventType "swiss"]
[EventRounds "9"]
[EventCountry "ESP"]
[Source "lmi"]
[SourceDate "2009.07.04"]

1. e4 c5 2. Nf3 d6 3. d4 cxd4 4. Nxd4 Nf6 5. Nc3 g6 6. Be3 Bg7 7. f3 Nc6 8. Qd2
O-O 9. Bc4 Bd7 10. O-O-O Rc8 11. Bb3 Ne5 12. Kb1 a6 13. h4 h5 14. g4 hxg4 15.
h5 Nxh5 16. Rdg1 Re8 17. Bh6 Kh7 18. Bxg7 Kxg7 19. fxg4 Bxg4 20. Rxh5 Rh8 21.
Rg5 e6 22. R5xg4 Nxg4 23. Bxe6 1-0

[Event "32. Open Barbera del Valles 2009"]
[Site "Barbera del Valles ESP"]
[Date "2009.07.07"]
[Round "4.2"]
[White "Perez Mitjans, Orelvis"]
[Black "Dominguez Pons, Eric"]
[Result "1-0"]
[WhiteElo "2404"]
[BlackElo "2211"]
[PlyCount "93"]
[EventDate "2009.07.04"]
[EventType "swiss"]
[EventRounds "9"]
[EventCountry "ESP"]
[Source "lmi"]
[SourceDate "2009.07.04"]

1. e4 c5 2. Ne2 d6 3. Nbc3 Nf6 4. g3 g6 5. Bg2 Bg7 6. d4 cxd4 7. Nxd4 O-O 8.
O-O Nc6 9. Nde2 Bd7 10. h3 Rb8 11. a4 a6 12. Bg5 b5 13. b3 b4 14. Nd5 Nxd5 15.
exd5 Ne5 16. Nd4 f5 17. Qd2 Re8 18. Rad1 Nf7 19. Be3 Qc7 20. f4 Rec8 21. Qe2 a5
22. Rfe1 Re8 23. Bf2 Rbc8 24. Rd2 Qc3 25. Kh2 h5 26. Qd1 Bf6 27. Bf1 Qc7 28.
Ba6 Ra8 29. Bc4 Nd8 30. Bb5 Rb8 31. Qf3 Qc8 32. Qd3 Rf8 33. Rde2 Rf7 34. Bxd7
Qxd7 35. Qa6 Bxd4 36. Bxd4 Qc7 37. Qd3 Qb7 38. Ba1 Qa7 39. c4 Nb7 40. Qd2 Nc5
41. Qd4 Kh7 42. g4 Rg8 43. gxh5 gxh5 44. Rg1 Qb8 45. Rxg8 Qxg8 46. Rg2 Qf8 47.
Qd1 1-0

[Event "32. Open Barbera del Valles 2009"]
[Site "Barbera del Valles ESP"]
[Date "2009.07.07"]
[Round "4.4"]
[White "Sundararajan, Kidambi"]
[Black "Peralta, Fernando"]
[Result "1-0"]
[WhiteElo "2506"]
[BlackElo "2574"]
[PlyCount "127"]
[EventDate "2009.07.04"]
[EventType "swiss"]
[EventRounds "9"]
[EventCountry "ESP"]
[Source "lmi"]
[SourceDate "2009.07.04"]

1. d4 d5 2. c4 e6 3. Nf3 Nf6 4. g3 Bb4+ 5. Bd2 Be7 6. Bg2 O-O 7. O-O c6 8. Bf4
Nbd7 9. Qc2 a5 10. Rd1 Ne4 11. Nfd2 f5 12. Nxe4 fxe4 13. f3 exf3 14. Bxf3 Bg5
15. Bxg5 Qxg5 16. Qd2 Qg6 17. Qc3 Nf6 18. Nd2 Bd7 19. Re1 b5 20. cxb5 cxb5 21.
Rac1 a4 22. Qc2 Qg5 23. Nf1 Rac8 24. Qd2 Qg6 25. Rxc8 Rxc8 26. Rc1 Rxc1 27.
Qxc1 h6 28. Ne3 Kh8 29. Ng2 Qe8 30. Nf4 Kg8 31. Nd3 Qd8 32. Qc5 Be8 33. Ne5 Kh7
34. Kg2 Kg8 35. Nd3 Ne4 36. Qa7 Ng5 37. Ne5 Kh7 38. Qc5 Nxf3 39. exf3 Qg5 40.
Qc3 Bg6 41. h4 Qf5 42. g4 Qf4 43. h5 Bb1 44. a3 Kg8 45. Qc8+ Kh7 46. Qc3 Kg8
47. Nd7 g6 48. Qe1 Be4 49. fxe4 Qxg4+ 50. Qg3 Qe2+ 51. Kg1 Qd1+ 52. Kg2 Qe2+
53. Qf2 Qg4+ 54. Kh2 Qxh5+ 55. Kg3 Qg5+ 56. Kh3 Qh5+ 57. Kg3 Qg5+ 58. Kf3 dxe4+
59. Ke2 Qg4+ 60. Ke3 Qg5+ 61. Qf4 Qg1+ 62. Kxe4 Qg2+ 63. Qf3 Qc2+ 64. Ke5 1-0